000 00604nam a22001697a 4500
082 _a005
100 _aZafar, Hamza Ali ; Ali, Muhammad Salman and Younis, Sadia
245 _aAnalyzing Text Content in a Video /
_cHamza Ali Zafar, Muhammad Salman Ali and Sadia Younis
260 _aIslamabad :
_bSEECS - NUST,
_c2018.
300 _a52 p. ;
_c30cm,
_eCD.
563 _aHB
650 _aComputer Science-Project Report
700 _aDr. Seemab Latif
_927094
856 _uhttp://10.250.8.41:8080/xmlui/handle/123456789/20341
942 _2ddc
_cPR
999 _c536084
_d536084